Cultura general #19 - Estadísticas

Estadísticas generales
  • Esta prueba ha sido intentada 5.125 veces
    3.608 desde el último reinicio
  • La puntuación promedio es 9 de 20
Estadísticas de respuestas
Pregunta Respuesta % Correcto
¿Cuál es el material más duro que existe de forma natural en la Tierra? Diamante
93%
¿En qué isla se encuentra la ciudad de Palermo? Sicilia
70%
¿Cuál es el único metal que es líquido a temperatura ambiente (y presión estándar)? Mercurio
68%
¿Con qué país firmó Alemania el "Pacto de Acero" en 1939? Italia
56%
¿Qué grupo de rock tiene un nombre que a menudo se abrevia como GNR? Guns N' Roses
54%
¿Cómo se dice pan en francés? Pain
54%
¿Qué libro fue un predecesor de "El Señor de los Anillos"? El Hobbit
50%
¿Quién es la diosa romana del amor y la belleza? Venus
50%
¿En qué península se encontraba Yugoslavia? Península Balcánica
49%
¿Cuál era el nombre de nacimiento de Voldemort? Tom Ryddle
45%
¿Qué documento religioso debe memorizar una persona para convertirse en "hafiz"? El Corán
43%
¿Qué cáustico chef británico era el presentador del programa "Hell's Kitchen"? Gordon Ramsay
43%
¿Quién es el líder de los Transformers? Optimus Prime
43%
¿Qué estado de EE.UU. se puede deletrear sin utilizar ninguna de las letras de "Mackerel"? Ohio
39%
¿A qué tipo de animal se refiere el término "ursino"? Osos
38%
¿Qué elemento metálico, que empieza por C, se utiliza para fabricar pigmentos azules? Cobalto
31%
¿De qué árbol suele proceder el látex? Árbol del caucho
15%
¿Qué sociedad "secreta" tiene muchas órdenes diferentes, incluidos el Rito Escocés y el Rito de York? Masonería
14%
¿Qué musical de Andrew Lloyd Webber es la producción más longeva en la historia del teatro de Broadway? El Fantasma de la Ópera
11%
La ciudad de Calexico se encuentra en el lado estadounidense de la frontera entre California y México. ¿Cómo es el nombre de su ciudad hermana en el lado mexicano de la frontera? Mexicali
10%
No se encontraron pruebas coincidentes
Distribución de puntuación
Porcentaje de gente con cada puntuación
Porcentaje por número respondido
Historial de tus puntuaciones
No has intentado esta prueba desde el último reinicio